| 000 | 00935nam a2200313 i 4500 | ||
|---|---|---|---|
| 003 | EG-GICUC | ||
| 005 | 20260121101731.0 | ||
| 008 | 260117s1980 us ||||fr ||| 00| 0 eng d | ||
| 040 |
_aEG-GICUC _cEG-GICUC _dEG-GICUC _erda _beng |
||
| 041 | 0 | _aeng | |
| 082 | 0 | 4 |
_221 _a341.23 _bNA . W |
| 092 | 0 | 4 | _221 |
| 099 | _aLaw1 11 341.23 NA . W 1980 | ||
| 110 |
_aUnited Nations _eAuthor. |
||
| 245 | 1 | 2 |
_aThe Work Of The International Law Commission / _cUnited Nations . |
| 250 | _aThird Edition | ||
| 264 | 0 |
_aUnited States : _bUnited Nations , _c1980 . |
|
| 300 |
_a325 Pages; _c30 cm. |
||
| 336 |
_atext _2rda content |
||
| 337 |
_aComputer _2rda media |
||
| 338 |
_aOnline Resource _2rda carrier |
||
| 546 | _aText in English | ||
| 650 | 0 | 4 | _aPublic international law |
| 650 | 0 | 4 | _aUnited Nations |
| 651 | 1 | _2qrmak | |
| 856 | _uhttps://fll.law.cu.edu.eg/fulltext/th/B11-06809.pdf | ||
| 905 | _a59 | ||
| 942 |
_2ddc _cBK _e21 _n0 |
||
| 999 |
_c57330 _d57330 |
||